000 00866cam a2200241 a 4500
005 20160801100151.0
008 080603s2007 ck ad r 000 0 spa d
020 _a9789588317366
040 _aCO-BoPUJ
_cCO-BoIAVH
_dCO-BoIAVH
041 0 _aspa
044 _ack
082 0 4 _a306.364
_bA72s
100 1 _aArcila Niño, Oscar Hernando
245 1 0 _aSur del Meta
_bterritorio amazónico
_cOscar Arcila Niño y Carlos Ariel Salazar
250 _a1a ed.
260 _aBogotá :
_bInstituto Amazónico de Investigaciones Científicas, SINCHI,
_c2007.
300 _a201 páginas :
_bilustraciones, tablas a color ;
_c28 cm.
504 _aIncluye referencias bibliográficas (páginas 189-194).
650 1 4 _aGeografía económica
650 2 4 _aDinámica de la población
700 1 _aSalazar Cardona, Carlos Ariel
942 _2ddc
_cLIBRO
999 _c6648
_d6648